书目信息 |
| 题名: |
苎麻纤维素化学与工艺学
|
|
| 作者: | 王德骥 编著 | |
| 分册: | ||
| 出版信息: | 北京 科学出版社 2001 |
|
| 页数: | 349页 | |
| 开本: | 20cm | |
| 丛书名: | ||
| 单 册: | ||
| 中图分类: | TS123 | |
| 科图分类: | ||
| 主题词: | 麻纺织 , 苎麻--麻纤维--练漂 , 苎麻--麻纤维--化学改性 | |
| 电子资源: | ||
| ISBN: | 7-03-008226-5 | |
| 000 | 00712nam0 2200229 45 | |
| 001 | 0302180890 | |
| 005 | 20031219104103.7 | |
| 010 | @a7-03-008226-5@dCNY25.00 | |
| 100 | @a20030218d2001 km y0chiy0120 ea | |
| 101 | 0 | @achi |
| 105 | @a z 000yy | |
| 200 | 1 | @a苎麻纤维素化学与工艺学@AZhu Ma Xian Wei Su Hua Xue Yu Gong Yi Xue@e脱胶和改性@ETuo Jiao He Gai Xing@f王德骥编著@FWang De Ji Bian Zhu |
| 210 | @a北京@c科学出版社@d2001 | |
| 215 | @a349页@d20cm | |
| 517 | @a脱胶和改性@ATuo Jiao He Gai Xing | |
| 606 | 0 | @a麻纺织 |
| 606 | 0 | @a苎麻@x麻纤维@x练漂 |
| 606 | 0 | @a苎麻@x麻纤维@x化学改性 |
| 690 | @aTS123@v4 | |
| 701 | 0 | @a王德骥@4编著 |
| 801 | @aCN@bTSTC@c20030218 | |
| 905 | @b319725-727@dTS123@e5@f3 | |
| 苎麻纤维素化学与工艺学:脱胶和改性/王德骥编著.-北京:科学出版社,2001 |
| 349页;20cm |
| ISBN 7-03-008226-5:CNY25.00 |
| ● |
| 相关链接 |
|
|
|
|
正题名:苎麻纤维素化学与工艺学
索取号:TS123/5
 
预约/预借
| 序号 | 登录号 | 条形码 | 馆藏地/架位号 | 状态 | 备注 |
| 1 | 0319725 | 203197254 | 第三借阅区/ [索取号:TS123/5] | 在馆 | |
| 2 | 0319726 | 203197263 | 第三借阅区/ [索取号:TS123/5] | 在馆 | |
| 3 | 0319727 | 203197272 | 第二样本阅览室/ [索取号:TS123/5] | 在馆 |